[Event "Mindsports Masters IM"]
[Site "London"]
[Date "2022.09.09"]
[Round "1.2"]
[White "Maycock Bates, David Henry"]
[Black "Derakhshani, Borna"]
[Result "1/2-1/2"]
[WhiteElo "2253"]
[BlackElo "2367"]
[PlyCount "131"]
[EventDate "2022.09.09"]
[EventType "tourn"]
[EventRounds "9"]
[EventCountry "ENG"]
[SourceTitle "BritBase"]
[Source "John Saunders"]
[SourceDate "2022.12.07"]
[SourceVersion "1"]
[SourceVersionDate "2022.12.07"]
[SourceQuality "1"]

1. e4 c6 2. d4 d5 3. e5 Bf5 4. h4 h5 5. Bd3 Bxd3 6. Qxd3 Qa5+ 7. Nd2 e6 8. Ngf3
Qa6 9. c4 Nh6 10. O-O Nf5 11. b3 Be7 12. a4 Qb6 13. b4 Qd8 14. g3 Bxb4 15. Ba3
a5 16. cxd5 Qxd5 17. Nc4 Nd7 18. Qe2 O-O 19. Ne3 Nxe3 20. fxe3 Qe4 21. Ng5 Qg6
22. Kh2 Rae8 23. Bxb4 axb4 24. Rab1 f6 25. exf6 gxf6 26. Nh3 c5 27. Nf4 Qg4 28.
Qxg4+ hxg4 29. dxc5 Nxc5 30. Rxb4 Ra8 31. Ng6 Rf7 32. Rxg4 Rxa4 33. Rxa4 Nxa4
34. Nf4 e5 35. Nd5 Kg7 36. Ra1 Nc5 37. Ra5 Ne4 38. Kg2 Rd7 39. Kf3 Nd2+ 40. Kg4
Nc4 41. Rc5 Nd6 42. Nb6 f5+ 43. Kf3 Re7 44. Nd5 Rf7 45. Nc3 Kf6 46. e4 fxe4+
47. Nxe4+ Ke6+ 48. Ke3 Nf5+ 49. Kd3 Rd7+ 50. Kc3 Rd4 51. Rc4 Rd1 52. Nc5+ Kd5
53. Nd3 Nxg3 54. Rb4 Rh1 55. Rb5+ Kc6 56. Rxe5 Rxh4 57. Nb4+ Kb6 58. Nd5+ Ka7
59. Kb3 Ne4 60. Nc3 Nd2+ 61. Kc2 Nf3 62. Re4 Rh2+ 63. Kd3 Rh3 64. Re3 Ne5+ 65.
Ke4 Rxe3+ 66. Kxe3 1/2-1/2

[Event "Mindsports Masters IM"]
[Site "London"]
[Date "2022.09.09"]
[Round "1.3"]
[White "Holland, James P"]
[Black "Wadsworth, Matthew J"]
[Result "0-1"]
[WhiteElo "2247"]
[BlackElo "2423"]
[PlyCount "68"]
[EventDate "2022.09.09"]
[EventType "tourn"]
[EventRounds "9"]
[EventCountry "ENG"]
[SourceTitle "BritBase"]
[Source "John Saunders"]
[SourceDate "2022.12.07"]
[SourceVersion "1"]
[SourceVersionDate "2022.12.07"]
[SourceQuality "1"]

1. e4 e6 2. d4 d5 3. e5 c5 4. c3 Qb6 5. Nf3 Nc6 6. Bd3 cxd4 7. O-O Bd7 8. Re1
Rc8 9. h4 h6 10. h5 Nge7 11. Nbd2 dxc3 12. bxc3 Na5 13. Nb3 Nc4 14. Nfd4 Nc6
15. f4 Nxd4 16. Nxd4 Bc5 17. Rb1 Qa5 18. Kh2 Qxc3 19. Ne2 Qa5 20. Ng3 Bf2 21.
Rf1 Bxg3+ 22. Kxg3 O-O 23. Rxb7 Bc6 24. Rb3 Ba4 25. Bb1 f5 26. exf6 Rxf6 27.
Qd3 Rf5 28. Qe2 Rf6 29. Rbf3 Nd6 30. Qe5 Qa6 31. f5 Bc2 32. Bxc2 Rxc2 33. fxe6
Ne4+ 34. Kh2 Qe2 0-1

[Event "Mindsports Masters IM"]
[Site "London"]
[Date "2022.09.09"]
[Round "1.4"]
[White "Schulze, Lara"]
[Black "Zapolskis, Antanas"]
[Result "1-0"]
[WhiteElo "2288"]
[BlackElo "2257"]
[PlyCount "61"]
[EventDate "2022.09.09"]
[EventType "tourn"]
[EventRounds "9"]
[EventCountry "ENG"]
[SourceTitle "BritBase"]
[Source "John Saunders"]
[SourceDate "2022.12.07"]
[SourceVersion "1"]
[SourceVersionDate "2022.12.07"]
[SourceQuality "1"]

1. e4 e5 2. Nf3 Nc6 3. Bc4 Nf6 4. d3 Be7 5. Nc3 d6 6. a3 Be6 7. Nd5 h6 8. O-O
Qd7 9. Re1 O-O-O 10. b4 g5 11. b5 Na5 12. Nxe7+ Qxe7 13. Bxe6+ Qxe6 14. Bd2 b6
15. Bxa5 bxa5 16. c4 Qg4 17. Re3 Qh5 18. Nd2 g4 19. Nb3 a4 20. Na5 Rdg8 21. Nc6
Kd7 22. d4 Nh7 23. dxe5 Ng5 24. Kh1 Nf3 25. gxf3 g3 26. fxg3 Rxg3 27. Rd3 Qh3
28. Qf1 Qh5 29. exd6 Rhg8 30. dxc7+ Kxc7 31. Qf2 1-0

[Event "Mindsports Masters IM"]
[Site "London"]
[Date "2022.09.09"]
[Round "1.5"]
[White "Johnson, Daniel"]
[Black "Dong Bao Nghia"]
[Result "0-1"]
[WhiteElo "2211"]
[BlackElo "2294"]
[PlyCount "62"]
[EventDate "2022.09.09"]
[EventType "tourn"]
[EventRounds "9"]
[EventCountry "ENG"]
[SourceTitle "BritBase"]
[Source "John Saunders"]
[SourceDate "2022.12.07"]
[SourceVersion "1"]
[SourceVersionDate "2022.12.07"]
[SourceQuality "1"]

1. c4 Nf6 2. Nc3 e6 3. d4 Bb4 4. Qc2 O-O 5. Nf3 d5 6. Bg5 Nbd7 7. e3 c5 8. dxc5
Qa5 9. Nd2 Qxc5 10. Bxf6 Nxf6 11. a3 Bxc3 12. Qxc3 dxc4 13. Qxc4 Qe5 14. Qb5
Qb8 15. Be2 Rd8 16. Bf3 Qc7 17. Rd1 a6 18. Qc4 Qa5 19. O-O Bd7 20. Qh4 Bb5 21.
Nb3 Qc7 22. Rfe1 e5 23. Rc1 Qb6 24. Nc5 Bc6 25. b4 Rac8 26. Bxc6 Qxc6 27. Rcd1
Rxd1 28. Rxd1 b6 29. Nxa6 Qa4 30. Rb1 Qxa6 31. h3 Qxa3 0-1

[Event "Mindsports Masters IM"]
[Site "London"]
[Date "2022.09.09"]
[Round "2.1"]
[White "Large, Peter G"]
[Black "Dong Bao Nghia"]
[Result "0-1"]
[WhiteElo "2298"]
[BlackElo "2294"]
[PlyCount "80"]
[EventDate "2022.09.09"]
[EventType "tourn"]
[EventRounds "9"]
[EventCountry "ENG"]
[SourceTitle "BritBase"]
[Source "John Saunders"]
[SourceDate "2022.12.07"]
[SourceVersion "1"]
[SourceVersionDate "2022.12.07"]
[SourceQuality "1"]

1. e4 e6 2. d4 d5 3. Nc3 Bb4 4. e5 c5 5. a3 Bxc3+ 6. bxc3 Ne7 7. Nf3 b6 8. Bb5+
Bd7 9. Bd3 Ba4 10. O-O c4 11. Be2 Qd7 12. Re1 Na6 13. Bf1 h6 14. h4 O-O-O 15.
g3 Nc7 16. Bh3 Rdg8 17. Nh2 Nf5 18. Kg2 Kb7 19. Rb1 a5 20. Ng4 Nb5 21. Qd2 Qe7
22. f3 Ka6 23. Nf2 Nc7 24. Qe2 g6 25. Ne4 Ne8 26. Nf6 Nxf6 27. exf6 Qxf6 28.
Bf4 Nxh4+ 29. Kf2 Nf5 30. Be5 Qg5 31. g4 Qh4+ 32. Kg2 h5 33. Rh1 Bxc2 34. Rbe1
Bd3 35. Qb2 hxg4 36. fxg4 Qd8 37. gxf5 gxf5+ 38. Kf3 Qg5 39. a4 Rxh3+ 40. Rxh3
Qg4+ 0-1

[Event "Mindsports Masters IM"]
[Site "London"]
[Date "2022.09.09"]
[Round "2.2"]
[White "Zapolskis, Antanas"]
[Black "Johnson, Daniel"]
[Result "0-1"]
[WhiteElo "2257"]
[BlackElo "2211"]
[PlyCount "76"]
[EventDate "2022.09.09"]
[EventType "tourn"]
[EventRounds "9"]
[EventCountry "ENG"]
[SourceTitle "BritBase"]
[Source "John Saunders"]
[SourceDate "2022.12.07"]
[SourceVersion "1"]
[SourceVersionDate "2022.12.07"]
[SourceQuality "1"]

1. e4 e5 2. Nf3 Nc6 3. Bc4 Bc5 4. b4 Bxb4 5. c3 Ba5 6. d4 d6 7. Qb3 Qd7 8. O-O
Bb6 9. Nbd2 Na5 10. Qc2 Qe7 11. Ba3 f6 12. Rab1 Bd7 13. Bb4 Rb8 14. a4 Nh6 15.
Bd5 c6 16. Ba2 Nf7 17. Rfd1 O-O 18. Nf1 Bc7 19. Ne3 Be6 20. d5 Bd7 21. dxc6
bxc6 22. Qd3 Nb7 23. Ba3 Be6 24. Bxe6 Qxe6 25. Nc4 Rfd8 26. Qe3 Qxc4 27. Qxa7
Qxe4 28. Rxb7 Rxb7 29. Qxb7 Qxa4 30. Ra1 Qa5 31. Qxc6 Bb6 32. h3 Qa7 33. Ra2
Bxf2+ 34. Rxf2 Qxa3 35. Nh4 Qa8 36. Qb5 Qa1+ 37. Kh2 Qe1 38. Rf3 Qxh4 0-1

[Event "Mindsports Masters IM"]
[Site "London"]
[Date "2022.09.09"]
[Round "2.3"]
[White "Wadsworth, Matthew J"]
[Black "Schulze, Lara"]
[Result "1-0"]
[WhiteElo "2423"]
[BlackElo "2288"]
[PlyCount "145"]
[EventDate "2022.09.09"]
[EventType "tourn"]
[EventRounds "9"]
[EventCountry "ENG"]
[SourceTitle "BritBase"]
[Source "John Saunders"]
[SourceDate "2022.12.07"]
[SourceVersion "1"]
[SourceVersionDate "2022.12.07"]
[SourceQuality "1"]

1. Nf3 d5 2. g3 Bg4 3. Bg2 c6 4. c4 e6 5. Qb3 Qb6 6. d3 Nd7 7. Be3 Bc5 8. Bxc5
Qxb3 9. axb3 Bxf3 10. Bxf3 Nxc5 11. Nd2 Nf6 12. Ra5 Ncd7 13. O-O O-O 14. Rfa1
a6 15. b4 Rac8 16. b3 Rfd8 17. Kf1 Kf8 18. Bg2 Rc7 19. e3 c5 20. bxc5 Nxc5 21.
d4 Ncd7 22. Ke2 Nb8 23. f4 Nc6 24. R5a2 a5 25. Rxa5 Nxa5 26. Rxa5 Ke7 27. Kd3
h5 28. Bf3 g6 29. Nb1 Rdc8 30. Na3 Ne8 31. Nb5 dxc4+ 32. bxc4 Rd7 33. Ra7 b6
34. Ra4 Nd6 35. Na7 Rxc4 36. Nc6+ Rxc6 37. Bxc6 Rc7 38. d5 exd5 39. Bxd5 f5 40.
Ra6 Nc8 41. Ra8 Kd6 42. e4 fxe4+ 43. Bxe4 Ne7 44. Rf8 Ke6 45. h3 Rc1 46. g4
hxg4 47. hxg4 Rg1 48. g5 Rd1+ 49. Ke3 Rd6 50. Rb8 Kf7 51. Rb7 Ke6 52. Kf3 Kf7
53. Kg4 Ke6 54. Bxg6 Nxg6 55. f5+ Kd5 56. fxg6 Rxg6 57. Kf5 Rd6 58. g6 Kc6 59.
Rb8 Rd5+ 60. Kf6 Rd6+ 61. Kf7 Rd7+ 62. Kf8 b5 63. g7 Rxg7 64. Kxg7 Kc5 65. Kf6
b4 66. Ke5 Kc4 67. Ke4 Kc3 68. Ke3 b3 69. Rc8+ Kb2 70. Kd2 Kb1 71. Rb8 b2 72.
Kc3 Ka1 73. Kc2 1-0

[Event "Mindsports Masters IM"]
[Site "London"]
[Date "2022.09.09"]
[Round "2.4"]
[White "Derakhshani, Borna"]
[Black "Holland, James P"]
[Result "1-0"]
[WhiteElo "2367"]
[BlackElo "2247"]
[PlyCount "77"]
[EventDate "2022.09.09"]
[EventType "tourn"]
[EventRounds "9"]
[EventCountry "ENG"]
[SourceTitle "BritBase"]
[Source "John Saunders"]
[SourceDate "2022.12.07"]
[SourceVersion "1"]
[SourceVersionDate "2022.12.07"]
[SourceQuality "1"]

1. d4 Nf6 2. Nc3 d5 3. Bf4 a6 4. e3 Bf5 5. f3 e6 6. g4 Bg6 7. h4 h5 8. g5 Nfd7
9. Bd3 Bxd3 10. Qxd3 g6 11. e4 Nb6 12. Be5 Rg8 13. exd5 exd5 14. O-O-O Bd6 15.
Nh3 Nc6 16. Rhe1 Ne7 17. Nf4 Kd7 18. Bxd6 cxd6 19. a4 Rc8 20. Kb1 Rc6 21. a5
Nc4 22. Ncxd5 Nxd5 23. Nxd5 Rf8 24. Ne7 Nxa5 25. Nxc6 Nxc6 26. Qb3 Kc8 27. Re3
Kb8 28. Qd5 Ne7 29. Qe4 Nf5 30. Rb3 Qc7 31. Rdd3 Qd7 32. Rb6 Rc8 33. Rdb3 Rc7
34. Rxa6 Ng3 35. Qd5 Qf5 36. Qxd6 Qxc2+ 37. Ka2 Qc4 38. Qd8+ Rc8 39. Qa5 1-0

[Event "Mindsports Masters IM"]
[Site "London"]
[Date "2022.09.09"]
[Round "2.5"]
[White "Bezuidenhout, Roland"]
[Black "Maycock Bates, David Henry"]
[Result "1-0"]
[WhiteElo "2269"]
[BlackElo "2253"]
[PlyCount "117"]
[EventDate "2022.09.09"]
[EventType "tourn"]
[EventRounds "9"]
[EventCountry "ENG"]
[SourceTitle "BritBase"]
[Source "John Saunders"]
[SourceDate "2022.12.07"]
[SourceVersion "1"]
[SourceVersionDate "2022.12.07"]
[SourceQuality "1"]

1. e4 e5 2. Bc4 Nc6 3. d3 Nf6 4. Nc3 Na5 5. Bb3 Nxb3 6. axb3 Bb4 7. Nf3 d5 8.
exd5 Nxd5 9. Bd2 O-O 10. O-O Nxc3 11. Bxc3 Bxc3 12. bxc3 Qf6 13. Qe1 Re8 14.
Ra5 e4 15. dxe4 b6 16. Ra4 Bb7 17. Qe3 c5 18. Nd2 Qg6 19. f3 f5 20. e5 f4 21.
Rxf4 Qxc2 22. Rg4 Rad8 23. Qg5 Rd7 24. Nc4 Qxc3 25. Qh5 Ree7 26. Qf5 Bd5 27.
Rf4 Rf7 28. e6 Rxf5 29. exd7 Qf6 30. Rxf5 Qd4+ 31. Ne3 Be6 32. Re5 Bxd7 33. Re4
Qf6 34. Rd1 Bc6 35. Ng4 Qf8 36. Re6 Be8 37. Rd8 Kf7 38. Re4 g5 39. Rdxe8 Qxe8
40. Rxe8 Kxe8 41. Kf2 Kd7 42. Nf6+ Kc6 43. Nxh7 a5 44. Nxg5 c4 45. bxc4 a4 46.
Ne4 a3 47. Nc3 Kc5 48. h4 Kxc4 49. h5 b5 50. h6 b4 51. h7 bxc3 52. h8=Q Kb3 53.
Qb8+ Kc2 54. Qa7 Kb2 55. Qb6+ Kc2 56. Qa5 Kb2 57. Qb4+ Kc2 58. Qxa3 Kd1 59.
Qa1+ 1-0

[Event "Mindsports Masters IM"]
[Site "London"]
[Date "2022.09.10"]
[Round "3.1"]
[White "Maycock Bates, David Henry"]
[Black "Large, Peter G"]
[Result "1/2-1/2"]
[WhiteElo "2253"]
[BlackElo "2298"]
[PlyCount "94"]
[EventDate "2022.09.09"]
[EventType "tourn"]
[EventRounds "9"]
[EventCountry "ENG"]
[SourceTitle "BritBase"]
[Source "John Saunders"]
[SourceDate "2022.12.07"]
[SourceVersion "1"]
[SourceVersionDate "2022.12.07"]
[SourceQuality "1"]

1. e4 Nc6 2. Nf3 d6 3. d4 Nf6 4. Nc3 g6 5. Be3 Bg7 6. Qd2 Ng4 7. Bg5 h6 8. Bh4
g5 9. Bg3 f5 10. exf5 Bxf5 11. h3 Nf6 12. d5 Nb4 13. Nd4 Qd7 14. Bc4 c6 15.
dxc6 Nxc6 16. Nxf5 Qxf5 17. O-O O-O-O 18. Rfe1 e5 19. Nd5 Kb8 20. Rad1 Nh5 21.
b4 Nxg3 22. fxg3 e4 23. b5 Ne5 24. Bf1 g4 25. h4 Rhf8 26. Qe3 Nd7 27. Qxe4 Qf2+
28. Kh2 Be5 29. Qe3 Qxc2 30. Bd3 Qxa2 31. Be4 Nc5 32. b6 axb6 33. Re2 Qa4 34.
Rb1 Qxe4 35. Qxe4 Nxe4 36. Rxe4 h5 37. Nxb6 Rf2 38. Nc4 d5 39. Nxe5 dxe4 40.
Nc6+ Kc7 41. Nxd8 Kxd8 42. Rxb7 e3 43. Kg1 Rc2 44. Rb3 Rc1+ 45. Kh2 Re1 46. Rb1
Re2 47. Re1 Rxe1 1/2-1/2

[Event "Mindsports Masters IM"]
[Site "London"]
[Date "2022.09.10"]
[Round "3.2"]
[White "Holland, James P"]
[Black "Bezuidenhout, Roland"]
[Result "1/2-1/2"]
[WhiteElo "2247"]
[BlackElo "2269"]
[PlyCount "82"]
[EventDate "2022.09.09"]
[EventType "tourn"]
[EventRounds "9"]
[EventCountry "ENG"]
[SourceTitle "BritBase"]
[Source "John Saunders"]
[SourceDate "2022.12.07"]
[SourceVersion "1"]
[SourceVersionDate "2022.12.07"]
[SourceQuality "1"]

1. e4 c5 2. Nf3 e6 3. g3 d5 4. exd5 exd5 5. Bg2 Qe7+ 6. Qe2 Qxe2+ 7. Kxe2 Nc6
8. Re1 h6 9. Kf1+ Be6 10. b3 Be7 11. Bb2 Bf6 12. Bxf6 Nxf6 13. Nc3 O-O 14. Rac1
Rac8 15. h4 Rfd8 16. Ne5 a6 17. Nxc6 Rxc6 18. Ne2 Rcd6 19. d4 b6 20. Rcd1 Bf5
21. c3 Be4 22. f3 Bf5 23. g4 Bc8 24. Nf4 a5 25. Re5 Bb7 26. Rde1 Kf8 27. g5
hxg5 28. hxg5 Nd7 29. R5e3 g6 30. Kf2 cxd4 31. cxd4 Nb8 32. Bh3 Nc6 33. Rd1 Bc8
34. Bf1 Ne7 35. Bd3 Nc6 36. Bb5 Nb4 37. Rd2 Ba6 38. Bxa6 Nxa6 39. Nd3 Nc7 40.
Ne5 Ne6 41. Rc3 Re8 1/2-1/2

[Event "Mindsports Masters IM"]
[Site "London"]
[Date "2022.09.10"]
[Round "3.3"]
[White "Schulze, Lara"]
[Black "Derakhshani, Borna"]
[Result "1/2-1/2"]
[WhiteElo "2288"]
[BlackElo "2367"]
[PlyCount "87"]
[EventDate "2022.09.09"]
[EventType "tourn"]
[EventRounds "9"]
[EventCountry "ENG"]
[SourceTitle "BritBase"]
[Source "John Saunders"]
[SourceDate "2022.12.07"]
[SourceVersion "1"]
[SourceVersionDate "2022.12.07"]
[SourceQuality "1"]

1. e4 c6 2. Nf3 d5 3. d3 g6 4. e5 Bg7 5. d4 Bg4 6. Nbd2 Nd7 7. h3 Bxf3 8. Nxf3
e6 9. Bd3 Ne7 10. O-O Nf5 11. c3 c5 12. Bg5 Qb6 13. g4 Ne7 14. Bxe7 Kxe7 15.
Qd2 h5 16. Qg5+ Ke8 17. Qf4 Bh6 18. g5 Bg7 19. b4 cxd4 20. cxd4 Ke7 21. a3 Rhc8
22. Rfc1 Qd8 23. Qd2 Rxc1+ 24. Rxc1 Rc8 25. Rc3 Nb6 26. Qc2 Rxc3 27. Qxc3 Qc8
28. Qxc8 Nxc8 29. Kf1 Bf8 30. Ke2 Kd8 31. Kd2 Kc7 32. Kc3 a5 33. Bb5 Kd8 34.
Kb3 axb4 35. axb4 Nb6 36. Kc3 Nc8 37. Kb3 Nb6 38. Nd2 Be7 39. f4 Na8 40. Ka4
Nc7 41. Nf3 Kc8 42. Bd3 Kd7 43. Bb5+ Kc8 44. Bd3 1/2-1/2

[Event "Mindsports Masters IM"]
[Site "London"]
[Date "2022.09.10"]
[Round "3.4"]
[White "Johnson, Daniel"]
[Black "Wadsworth, Matthew J"]
[Result "1/2-1/2"]
[WhiteElo "2211"]
[BlackElo "2423"]
[PlyCount "107"]
[EventDate "2022.09.09"]
[EventType "tourn"]
[EventRounds "9"]
[EventCountry "ENG"]
[SourceTitle "BritBase"]
[Source "John Saunders"]
[SourceDate "2022.12.07"]
[SourceVersion "1"]
[SourceVersionDate "2022.12.07"]
[SourceQuality "1"]

1. d4 d5 2. c4 c6 3. cxd5 cxd5 4. Nc3 Nf6 5. Nf3 Nc6 6. Bf4 a6 7. e3 e6 8. Bd3
Be7 9. h3 b5 10. O-O Bb7 11. Rc1 Rc8 12. Bb1 O-O 13. Qe2 Na5 14. Ne5 Nc4 15. b3
Na3 16. Bd3 Ne4 17. Qb2 f6 18. Nf3 Qa5 19. Ne2 b4 20. Nd2 Nc3 21. Nb1 Naxb1 22.
Bxb1 Nxb1 23. Rxc8 Rxc8 24. Rxb1 Qb5 25. Rc1 Rc6 26. Rxc6 Bxc6 27. Qc2 Qb7 28.
Bg3 Be8 29. Nf4 Qd7 30. h4 a5 31. f3 Bd6 32. Kh2 Bf7 33. Qc1 e5 34. Nd3 Qe8 35.
dxe5 fxe5 36. Qb2 d4 37. exd4 e4 38. Bxd6 exd3 39. Be5 Qc6 40. Qd2 Qg6 41. Kg1
h6 42. Kf2 Qa6 43. g4 a4 44. Qxb4 axb3 45. Qb8+ Kh7 46. Qf8 Qg6 47. h5 Qg5 48.
Qxf7 b2 49. Qb7 Qd2+ 50. Kg3 Qe1+ 51. Kg2 Qd2+ 52. Kg3 Qe1+ 53. Kh3 Qh1+ 54.
Kg3 1/2-1/2

[Event "Mindsports Masters IM"]
[Site "London"]
[Date "2022.09.10"]
[Round "3.5"]
[White "Dong Bao Nghia"]
[Black "Zapolskis, Antanas"]
[Result "1-0"]
[WhiteElo "2294"]
[BlackElo "2257"]
[PlyCount "127"]
[EventDate "2022.09.09"]
[EventType "tourn"]
[EventRounds "9"]
[EventCountry "ENG"]
[SourceTitle "BritBase"]
[Source "John Saunders"]
[SourceDate "2022.12.07"]
[SourceVersion "1"]
[SourceVersionDate "2022.12.07"]
[SourceQuality "1"]

1. d4 d5 2. c4 c6 3. Nc3 e5 4. cxd5 cxd5 5. e4 dxe4 6. Bb5+ Bd7 7. dxe5 Nc6 8.
Nge2 Nxe5 9. O-O Nf6 10. Bf4 Nc6 11. Nd5 Rc8 12. Bg5 Be7 13. Bxf6 Bxf6 14.
Nxf6+ Qxf6 15. Ng3 Bf5 16. Qd5 Be6 17. Qd6 Qe7 18. Nxe4 O-O 19. Rfc1 Rfd8 20.
Qc5 Bd5 21. Bxc6 Qxc5 22. Nxc5 Bxc6 23. b4 Rd4 24. Rab1 Rcd8 25. b5 Bd5 26. h3
b6 27. Na6 Bxa2 28. Ra1 Bc4 29. Nc7 R8d7 30. Ra4 a6 31. Rxa6 h5 32. Ra7 Kh7 33.
Rca1 Rd1+ 34. Rxd1 Rxd1+ 35. Kh2 Rd7 36. f4 h4 37. g4 Bd5 38. Kg1 Be4 39. Ra4
Bb7 40. Rc4 Rd3 41. Ne8 Bd5 42. Rc7 Rxh3 43. f5 Rh1+ 44. Kf2 Rh2+ 45. Ke3 Kh6
46. Rd7 Bc4 47. Nd6 Rc2 48. Ne4 f6 49. Rd8 g6 50. Rd6 gxf5 51. Rxf6+ Kg7 52.
gxf5 Re2+ 53. Kf3 Re1 54. Rg6+ Kf8 55. Nd6 h3 56. Rh6 Rf1+ 57. Kg3 Bxb5 58. f6
Rg1+ 59. Kf2 Rg2+ 60. Ke3 Re2+ 61. Kf3 Kg8 62. Nxb5 Rd2 63. Ke4 Kf7 64. Nd4 1-0

[Event "Mindsports Masters IM"]
[Site "London"]
[Date "2022.09.10"]
[Round "4.1"]
[White "Large, Peter G"]
[Black "Zapolskis, Antanas"]
[Result "1/2-1/2"]
[WhiteElo "2298"]
[BlackElo "2257"]
[PlyCount "123"]
[EventDate "2022.09.09"]
[EventType "tourn"]
[EventRounds "9"]
[EventCountry "ENG"]
[SourceTitle "BritBase"]
[Source "John Saunders"]
[SourceDate "2022.12.07"]
[SourceVersion "1"]
[SourceVersionDate "2022.12.07"]
[SourceQuality "1"]

1. Nf3 c5 2. e3 a6 3. c4 d5 4. cxd5 Qxd5 5. Nc3 Qd8 6. b3 Nc6 7. Bb2 Nf6 8. Rc1
b6 9. a3 Bb7 10. Qc2 e6 11. Bd3 Be7 12. O-O O-O 13. Ne4 Nd5 14. Ng3 g6 15. Rfd1
Bf6 16. Ne4 Bxb2 17. Qxb2 f6 18. Bc4 Qe7 19. Nc3 Nxc3 20. Qxc3 Rfd8 21. d4 b5
22. Bf1 cxd4 23. Nxd4 Nxd4 24. Rxd4 Rac8 25. Rxd8+ Qxd8 26. Qd3 Qxd3 27. Rxc8+
Bxc8 28. Bxd3 Bb7 29. g3 Bf3 30. Kf1 Kf7 31. Ke1 Ke7 32. Kd2 Kd6 33. Kc3 Kc5
34. h4 e5 35. Bf1 h6 36. Bh3 g5 37. b4+ Kb6 38. Bf5 gxh4 39. gxh4 Kc7 40. Kd3
Bb7 41. Ke2 Kd6 42. e4 Bc6 43. Kf3 Be8 44. Kg4 h5+ 45. Kf3 Kc7 46. Ke3 Bf7 47.
f4 Kb7 48. Bh7 Kc7 49. Kf3 Kd6 50. Bf5 Kc7 51. Ke3 Kd8 52. Bh3 Kc7 53. Bf1 Kb6
54. Be2 Kc6 55. Bd1 Kb6 56. Bc2 a5 57. Bd3 axb4 58. axb4 Be8 59. Bf1 Kc7 60.
Bh3 Kd6 61. Bf5 Ke7 62. Bh3 1/2-1/2

[Event "Mindsports Masters IM"]
[Site "London"]
[Date "2022.09.10"]
[Round "4.2"]
[White "Wadsworth, Matthew J"]
[Black "Dong Bao Nghia"]
[Result "1-0"]
[WhiteElo "2423"]
[BlackElo "2294"]
[PlyCount "61"]
[EventDate "2022.09.09"]
[EventType "tourn"]
[EventRounds "9"]
[EventCountry "ENG"]
[SourceTitle "BritBase"]
[Source "John Saunders"]
[SourceDate "2022.12.07"]
[SourceVersion "1"]
[SourceVersionDate "2022.12.07"]
[SourceQuality "1"]

1. Nf3 d5 2. g3 Bg4 3. Bg2 e6 4. c4 Nd7 5. Qb3 Nc5 6. Qe3 Bxf3 7. Qxf3 c6 8. d4
Ne4 9. Qb3 Nd6 10. c5 Nf5 11. e3 b6 12. cxb6 axb6 13. Nc3 h5 14. e4 Nxd4 15.
Qd1 e5 16. exd5 cxd5 17. O-O Ne7 18. Re1 f6 19. Nxd5 Ra5 20. Ne3 h4 21. Bd2
hxg3 22. hxg3 Ra7 23. Bc3 Rd7 24. Bxd4 Rxd4 25. Qb3 Rh6 26. Rad1 Rxd1 27. Rxd1
Qb8 28. Bf1 f5 29. Bb5+ Nc6 30. Qd5 Qc8 31. Rc1 1-0

[Event "Mindsports Masters IM"]
[Site "London"]
[Date "2022.09.10"]
[Round "4.3"]
[White "Derakhshani, Borna"]
[Black "Johnson, Daniel"]
[Result "1-0"]
[WhiteElo "2367"]
[BlackElo "2211"]
[PlyCount "119"]
[EventDate "2022.09.09"]
[EventType "tourn"]
[EventRounds "9"]
[EventCountry "ENG"]
[SourceTitle "BritBase"]
[Source "John Saunders"]
[SourceDate "2022.12.07"]
[SourceVersion "1"]
[SourceVersionDate "2022.12.07"]
[SourceQuality "1"]

1. Nf3 d5 2. g3 g6 3. Bg2 Bg7 4. d4 Nf6 5. O-O O-O 6. c4 c6 7. Qb3 Qb6 8. Nc3
Bf5 9. cxd5 Qxb3 10. axb3 cxd5 11. Nh4 Be6 12. Nb5 Nc6 13. Nc7 Rac8 14. Nxe6
fxe6 15. Nf3 Ne4 16. Be3 a6 17. Rfd1 h6 18. Ne5 Nxe5 19. Bxe4 dxe4 20. dxe5
Rfd8 21. Rxd8+ Rxd8 22. Ra4 Rd1+ 23. Kg2 Re1 24. Bd4 Rxe2 25. Kf1 Rc2 26. Rc4
Rd2 27. Bc3 Rd5 28. Rxe4 Kf7 29. h4 Ke8 30. Ke2 h5 31. f4 Kd7 32. Re3 Rb5 33.
Bd2 Rd5 34. Rc3 Rb5 35. Be3 Rb4 36. Bc5 Rb5 37. Kd3 b6 38. Bf2 a5 39. Kc2 Rb4
40. Be1 Rd4 41. Bd2 Rd5 42. Be3 Rb5 43. Rc4 Bf8 44. Bd2 Rd5 45. Ra4 Kc6 46. Be3
Rb5 47. Rc4+ Kd7 48. Rc3 Bg7 49. Kb1 Rb4 50. Ka2 Bf8 51. Ka3 Bg7 52. Rc4 Rxc4
53. bxc4 Kc6 54. Ka4 Bf8 55. b3 Bg7 56. Bc1 Bh6 57. Bd2 Bg7 58. Bxa5 bxa5 59.
Kxa5 Kc7 60. Ka6 1-0

[Event "Mindsports Masters IM"]
[Site "London"]
[Date "2022.09.10"]
[Round "4.4"]
[White "Bezuidenhout, Roland"]
[Black "Schulze, Lara"]
[Result "1-0"]
[WhiteElo "2269"]
[BlackElo "2288"]
[PlyCount "110"]
[EventDate "2022.09.09"]
[EventType "tourn"]
[EventRounds "9"]
[EventCountry "ENG"]
[SourceTitle "BritBase"]
[Source "John Saunders"]
[SourceDate "2022.12.07"]
[SourceVersion "1"]
[SourceVersionDate "2022.12.07"]
[SourceQuality "1"]

1. e4 c5 2. Nf3 Nc6 3. Bb5 g6 4. Bxc6 bxc6 5. O-O Bg7 6. Re1 Qc7 7. c3 d6 8. h3
Nf6 9. d4 cxd4 10. cxd4 O-O 11. Nc3 c5 12. e5 dxe5 13. dxe5 Rd8 14. Qa4 Nh5 15.
Be3 Bb7 16. Ne4 c4 17. Ned2 Bxe5 18. Nxe5 Qxe5 19. Nxc4 Qe4 20. f3 Qh4 21. Nb6
Qxa4 22. Nxa4 Ng3 23. Rac1 Rac8 24. Rxc8 Rxc8 25. Bxa7 Ra8 26. Rxe7 Rxa7 27.
Nc5 Ra5 28. b4 Rxa2 29. Rxb7 h5 30. b5 Ne2+ 31. Kf1 Rc2 32. Nd7 Ng3+ 33. Ke1
Nf5 34. b6 Rxg2 35. Rc7 Nd6 36. b7 Nxb7 37. Rxb7 Rg3 38. Kf2 Rxh3 39. Ne5 Rh2+
40. Kg3 Re2 41. Nxf7 Kg7 42. Ng5+ Kg8 43. Ne4 Ra2 44. Kf4 Ra5 45. Nf6+ Kf8 46.
Nd7+ Kg7 47. Ne5+ Kh6 48. Rb6 Ra4+ 49. Kg3 Kg5 50. Nxg6 h4+ 51. Kh3 Rc4 52. Rd6
Ra4 53. Ne7 Ra3 54. Rg6+ Kf4 55. Rf6+ Ke3 1-0

[Event "Mindsports Masters IM"]
[Site "London"]
[Date "2022.09.10"]
[Round "4.5"]
[White "Maycock Bates, David Henry"]
[Black "Holland, James P"]
[Result "1/2-1/2"]
[WhiteElo "2253"]
[BlackElo "2247"]
[PlyCount "83"]
[EventDate "2022.09.09"]
[EventType "tourn"]
[EventRounds "9"]
[EventCountry "ENG"]
[SourceTitle "BritBase"]
[Source "John Saunders"]
[SourceDate "2022.12.07"]
[SourceVersion "1"]
[SourceVersionDate "2022.12.07"]
[SourceQuality "1"]

1. e4 c5 2. Nf3 d6 3. d4 cxd4 4. Nxd4 Nf6 5. Nc3 g6 6. Be3 Bg7 7. f3 Nc6 8. Qd2
O-O 9. O-O-O d5 10. Qe1 e5 11. Nxc6 bxc6 12. exd5 cxd5 13. Bg5 Be6 14. Bc4 Qc7
15. Bxd5 Nxd5 16. Nxd5 Bxd5 17. Rxd5 Rac8 18. Qd2 Rfe8 19. Re1 h6 20. Be3 e4
21. c3 exf3 22. gxf3 Qc4 23. Kb1 Rb8 24. Ka1 Rxb2 25. Kxb2 Rb8+ 26. Kc1 Bxc3
27. Rd8+ Kh7 28. Rxb8 Bxd2+ 29. Kxd2 Qxa2+ 30. Kd1 g5 31. Bd2 Qd5 32. Re4 Qd3
33. Re3 Qf1+ 34. Kc2 Kg6 35. Rb4 Qh3 36. f4 Qxh2 37. fxg5 hxg5 38. Rb5 f6 39.
Re6 Qf2 40. Ra5 g4 41. Raa6 g3 42. Rxf6+ 1/2-1/2